01034nam a2200265Ia 450000100060000000300080000600500170001400800410003103500190007204000260009104100080011708200220012510000320014724500550017925000120023426000390024630000350028550400530032065000260037365500360039994200150043599900170045095201790046795201220064626533BD-RjUL20211209051030.0140322s1991 bg a b 001 0 eng d a(BD-RjUL)26603 aBD-RjULbengcBD-RjUL aeng04a519222bROF 19911 aRoy, Manindra Kumar.98161210aFundamentals of probability /cManindra Kumar Roy. a1st ed. aChittagong:bMrs. Olga Roy,c1991. aviii, 259 p. :bill. ;c21 cm. aIncludes bibliographical references and indexes. 0aProbabilities.981613 7aElectronic books.2local981619 2ddccBK01 c26533d26533 00102ddc40708NFICaRUCLbRUCLcStackd1992-07-05eMonindra kumar Roy, Ass. Pro. Chitt. Uni.g110.00l1o519 ROF 1991r2016-09-06 00:00:00s2016-09-03tC-6w2021-12-09yBK 00102ddc40708NFICaRUCLbRUCLcStackd1999-03-01eR.U.l0o519 ROF 1991r2016-09-06 00:00:00tC-2w2016-09-06yBK